[Event "5eme LUCOPEN"]
[Site "Lille"]
[Date "2014.04.30"]
[Round "4"]
[White "Friess, Nicolas"]
[Black "Verges, Brice"]
[Result "1-0"]
[WhiteElo "2350"]
[BlackElo "1838"]
[PlyCount "95"]
[EventDate "2014.??.??"]

1. d4 Nf6 2. c4 e6 3. Nc3 Bb4 4. Qc2 O-O 5. a3 Bxc3+ 6. Qxc3 b6 7. Bg5 Bb7 8.
e3 d6 9. Ne2 Nbd7 10. Qc2 c5 11. Rd1 Qc7 12. Nc3 a6 13. f3 cxd4 14. Rxd4 e5 15.
Rd2 Rfe8 16. Be2 d5 17. cxd5 Nxd5 18. Nxd5 Qxc2 19. Rxc2 Bxd5 20. e4 Be6 21.
Be3 Rec8 22. Kd2 Bb3 23. Rxc8+ Rxc8 24. Rc1 Rxc1 25. Kxc1 a5 26. Kd2 Kf8 27.
Bb5 Ke7 28. Kc3 Be6 29. b4 Kd6 30. Kd3 Kc7 31. Bd2 axb4 32. Bxb4 Nc5+ 33. Bxc5
bxc5 34. Bc4 Bd7 35. Bxf7 g5 36. Kc4 Kd6 37. Kb3 g4 38. fxg4 Bxg4 39. Bd5 Bd1+
40. Kc3 Ba4 41. g4 h6 42. h4 Bb5 43. Kb3 Kc7 44. g5 hxg5 45. hxg5 Be8 46. Kc4
Kb6 47. a4 Kc7 48. a5 1-0

[Event "5eme LUCOPEN"]
[Site "Lille"]
[Date "2014.04.30"]
[Round "4"]
[White "Zhigalko, Andrey"]
[Black "Gros, Patrick"]
[Result "1-0"]
[WhiteElo "2600"]
[BlackElo "2004"]
[PlyCount "37"]
[EventDate "2014.??.??"]

1. e4 e6 2. d4 c5 3. Nf3 cxd4 4. Nxd4 Bc5 5. Nc3 Nc6 6. Be3 Qb6 7. Ndb5 Bxe3 8.
fxe3 Qxe3+ 9. Be2 Nf6 10. Nc7+ Kd8 11. Nxa8 Ng4 12. Rf1 Nxh2 13. Qd6 Nxf1 14.
Kxf1 h5 15. Rd1 h4 16. Rd3 Qc1+ 17. Kf2 g5 18. Re3 Rg8 19. Nd5 1-0

[Event "5eme LUCOPEN"]
[Site "Lille"]
[Date "2014.04.30"]
[Round "4"]
[White "Dijkhuis, Sven"]
[Black "Smith, Axel"]
[Result "0-1"]
[WhiteElo "1993"]
[BlackElo "2478"]
[PlyCount "68"]
[EventDate "2014.??.??"]

1. e4 c5 2. Nf3 e6 3. d4 cxd4 4. Nxd4 a6 5. Nc3 b5 6. a3 Bb7 7. Be3 d6 8. Qd2
Nf6 9. f3 Nbd7 10. g4 Nb6 11. O-O-O Rc8 12. g5 Nfd7 13. f4 d5 14. e5 b4 15. Na2
bxa3 16. b3 Nc5 17. Bd3 Be7 18. h4 Nba4 19. bxa4 Qb6 20. Bb5+ axb5 21. axb5 Ne4
22. Qd3 Rc4 23. Qb3 Bc5 24. c3 O-O 25. Rhe1 Rc8 26. Nc2 Bxe3+ 27. Rxe3 d4 28.
Nxa3 Bd5 29. Rxe4 Rxc3+ 30. Nxc3 Bxb3 31. Rdxd4 Rxc3+ 32. Kb2 Rg3 33. Rd2 Bd5
34. Ra4 h5 0-1

[Event "5eme LUCOPEN"]
[Site "Lille"]
[Date "2014.04.30"]
[Round "4"]
[White "Miedema, David"]
[Black "Bourgeois, Florian"]
[Result "1/2-1/2"]
[WhiteElo "2390"]
[BlackElo "1986"]
[PlyCount "101"]
[EventDate "2014.??.??"]

1. d4 g6 2. c4 Bg7 3. e4 c5 4. d5 d6 5. Bd3 Nf6 6. Nf3 O-O 7. h3 e6 8. O-O exd5
9. exd5 Re8 10. Nc3 a6 11. Bf4 Qc7 12. Qa4 Nbd7 13. Rae1 Rxe1 14. Rxe1 Nb6 15.
Qc2 Bd7 16. g4 Re8 17. Rxe8+ Bxe8 18. Ne2 Nc8 19. Ng3 Bd7 20. Qe2 Qa5 21. b3 b5
22. Kg2 b4 23. Bc1 Kf8 24. Ng5 Qd8 25. f4 Qe7 26. Qf2 h6 27. Nf3 Ne8 28. a3 a5
29. Qa2 Qf6 30. axb4 axb4 31. g5 hxg5 32. Ne4 Qa1 33. Qxa1 Bxa1 34. fxg5 Kg7
35. Be3 Bf5 36. Nf2 Bxd3 37. Nxd3 f6 38. h4 Nb6 39. Nxc5 dxc5 40. Bxc5 Nc8 41.
Bxb4 fxg5 42. Nxg5 Be5 43. c5 Ne7 44. d6 Nc6 45. d7 Nc7 46. Ba5 Kf6 47. Nf3 Ne6
48. Nxe5 Kxe5 49. b4 Kd5 50. Kf3 Ne5+ 51. Kg3 1/2-1/2

[Event "5eme LUCOPEN"]
[Site "Lille"]
[Date "2014.04.30"]
[Round "4"]
[White "Haussernot, Cecile"]
[Black "Camacho Collados, Jose"]
[Result "0-1"]
[WhiteElo "2003"]
[BlackElo "2388"]
[PlyCount "76"]
[EventDate "2014.??.??"]

1. e4 c5 2. Nc3 Nc6 3. g3 g6 4. Bg2 Bg7 5. d3 Rb8 6. f4 b5 7. Nf3 b4 8. Ne2 d6
9. O-O Bd7 10. c3 Qc8 11. d4 bxc3 12. bxc3 cxd4 13. cxd4 Nh6 14. Qd2 Bh3 15.
Bxh3 Qxh3 16. f5 Qg4 17. Qc2 Rc8 18. d5 gxf5 19. Bb2 fxe4 20. Bxg7 exf3 21.
Bxh8 Ne5 22. Qd2 fxe2 23. Bxe5 exf1=Q+ 24. Rxf1 dxe5 25. Qxh6 Rc2 26. Qe3 Qe2
27. Qf2 Qxf2+ 28. Rxf2 Rxf2 29. Kxf2 Kd7 30. Ke3 Kd6 31. Ke4 f6 32. g4 Kc5 33.
h4 Kd6 34. g5 fxg5 35. hxg5 e6 36. dxe6 Kxe6 37. a3 a6 38. a4 a5 0-1

[Event "5eme LUCOPEN"]
[Site "Lille"]
[Date "2014.04.30"]
[Round "4"]
[White "Loiseau, Quentin"]
[Black "Manet, Eric"]
[Result "1-0"]
[WhiteElo "2388"]
[BlackElo "1915"]
[PlyCount "69"]
[EventDate "2014.??.??"]

1. e4 c5 2. Ne2 d6 3. g3 Nf6 4. Bg2 e6 5. O-O Be7 6. c3 O-O 7. d4 cxd4 8. cxd4
d5 9. e5 Nfd7 10. h4 Nc6 11. Nd2 Qb6 12. Nf3 f6 13. exf6 Nxf6 14. Nf4 Bd6 15.
Re1 Bxf4 16. Bxf4 Qxb2 17. Re2 Qb4 18. Rb1 Qe7 19. Rc2 Ne4 20. Be5 Nd6 21. Qd3
Nxe5 22. Nxe5 Nf7 23. Re1 Nxe5 24. Rxe5 Qf7 25. f4 Rd8 26. Qa3 Qf8 27. Qe3 Rb8
28. f5 exf5 29. Re7 f4 30. Qe5 Bd7 31. Rc7 fxg3 32. Rcxd7 Rxd7 33. Rxd7 Re8 34.
Bxd5+ Kh8 35. Rf7 1-0

[Event "5eme LUCOPEN"]
[Site "Lille"]
[Date "2014.04.30"]
[Round "4"]
[White "Petrosian, Suren"]
[Black "Urbaniak, Patrick"]
[Result "1-0"]
[WhiteElo "2374"]
[BlackElo "1890"]
[PlyCount "51"]
[EventDate "2014.??.??"]

1. e4 c5 2. Nf3 d6 3. d4 cxd4 4. Nxd4 Nf6 5. Nc3 a6 6. Be3 e5 7. Nb3 Be6 8. f4
Qc7 9. f5 Bc4 10. g4 Bxf1 11. Rxf1 b5 12. a3 h6 13. h4 h5 14. g5 Ng4 15. Bg1
Nd7 16. Nd5 Qc4 17. Nd2 Qc6 18. Rf3 Rc8 19. Rc3 Qb7 20. Rxc8+ Qxc8 21. a4 bxa4
22. Rxa4 Qc6 23. Rc4 Qb7 24. b4 Be7 25. Nc7+ Kf8 26. c3 1-0

[Event "5eme LUCOPEN"]
[Site "Lille"]
[Date "2014.04.30"]
[Round "4"]
[White "Vekemans, Denis"]
[Black "Shirazi, Kamran"]
[Result "0-1"]
[WhiteElo "1954"]
[BlackElo "2366"]
[PlyCount "74"]
[EventDate "2014.??.??"]

1. e4 c5 2. Ne2 e6 3. g3 d5 4. Bg2 dxe4 5. Bxe4 h5 6. d4 h4 7. Nbc3 Nf6 8. Bg5
hxg3 9. fxg3 cxd4 10. Qxd4 Qxd4 11. Nxd4 Nxe4 12. Nxe4 Bd7 13. O-O-O f6 14.
Nxf6+ gxf6 15. Bxf6 Bh6+ 16. Kb1 O-O 17. Be5 Nc6 18. Bd6 Rf2 19. Nb3 e5 20. Bc5
Rf7 21. Rd6 Kh7 22. Re1 Bf5 23. a3 a5 24. Be3 Bf8 25. Rd5 Rc8 26. Nxa5 Nxa5 27.
Rxa5 Rxc2 28. Ka1 Rxh2 29. Rxe5 Bg7 30. Rb5 Bd3 31. Rb4 b5 32. Bd4 Bh6 33. Bc3
Bc4 34. b3 Rf3 35. bxc4 Rxc3 36. Rxb5 Rxa3+ 37. Kb1 Bg7 0-1

[Event "5eme LUCOPEN"]
[Site "Lille"]
[Date "2014.04.30"]
[Round "4"]
[White "Dominguez Pons, Eric"]
[Black "Gallet, Antoine"]
[Result "1-0"]
[WhiteElo "2335"]
[BlackElo "1888"]
[PlyCount "27"]
[EventDate "2014.??.??"]

1. e4 e5 2. Nf3 Nf6 3. Nxe5 d6 4. Nf3 Nxe4 5. Nc3 Nxc3 6. dxc3 Be7 7. Bf4 Nc6
8. Qd2 Bf5 9. O-O-O Qd7 10. h3 O-O-O 11. Bb5 a6 12. Ba4 Qe6 13. Bxc6 Qxa2 14.
Qd5 1-0

[Event "5eme LUCOPEN"]
[Site "Lille"]
[Date "2014.04.30"]
[Round "4"]
[White "Jimenez, Martin"]
[Black "Sadikhov, Ulvi"]
[Result "0-1"]
[WhiteElo "1932"]
[BlackElo "2289"]
[PlyCount "50"]
[EventDate "2014.??.??"]

1. d4 d6 2. Nf3 Nd7 3. e3 Ngf6 4. Bd3 g6 5. b3 Bg7 6. Bb2 O-O 7. c4 Re8 8. O-O
e5 9. dxe5 Ng4 10. Nc3 Ndxe5 11. Nxe5 Bxe5 12. g3 h5 13. Be2 Bg7 14. Bf3 Ne5
15. Bg2 h4 16. Qe2 hxg3 17. fxg3 Rb8 18. Rad1 Bg4 19. Qf2 Bxd1 20. Nxd1 Qe7 21.
Bd5 Rf8 22. Qc2 c6 23. Bxe5 dxe5 24. Bg2 Rbd8 25. Nc3 Qc5 0-1

[Event "5eme LUCOPEN"]
[Site "Lille"]
[Date "2014.04.30"]
[Round "4"]
[White "Sargissyan, Sargis"]
[Black "Warkentin, Jurgen"]
[Result "1-0"]
[WhiteElo "2283"]
[BlackElo "1878"]
[PlyCount "46"]
[EventDate "2014.??.??"]

1. e4 d6 2. d4 Nf6 3. Nc3 g6 4. Be3 Bg7 5. Qd2 O-O 6. O-O-O Nc6 7. f3 e5 8. d5
Ne7 9. g4 Kh8 10. h4 h5 11. Nge2 hxg4 12. h5 gxh5 13. Ng3 Ng6 14. Nxh5 Nxh5 15.
Qh2 Nh4 16. Qxh4 Qxh4 17. Rxh4 gxf3 18. Rxh5+ Kg8 19. Bd3 f6 20. Rg1 Bd7 21.
Bh6 Rf7 22. Nd1 Kf8 23. Rxg7 Rxg7 1-0

[Event "5eme LUCOPEN"]
[Site "Lille"]
[Date "2014.04.30"]
[Round "4"]
[White "Frederic, Clement"]
[Black "Verriere, Nicolas"]
[Result "1/2-1/2"]
[WhiteElo "2237"]
[BlackElo "1844"]
[PlyCount "56"]
[EventDate "2014.??.??"]

1. e4 c5 2. Nf3 d6 3. c3 Nf6 4. h3 Nc6 5. Bd3 d5 6. e5 c4 7. Bc2 Nd7 8. Qe2 Qc7
9. e6 fxe6 10. Ng5 Nf6 11. Nxe6 Bxe6 12. Qxe6 Qe5+ 13. Qxe5 Nxe5 14. Ke2 e6 15.
f4 Ned7 16. d4 cxd3+ 17. Bxd3 Bd6 18. g4 O-O 19. Be3 e5 20. f5 Rae8 21. Nd2 e4
22. Bc2 Bc5 23. Bd4 Bxd4 24. cxd4 Rc8 25. Bb3 Kh8 26. Nf1 Nb6 27. Ne3 Nc4 28.
Bxc4 dxc4 1/2-1/2

[Event "5eme LUCOPEN"]
[Site "Lille"]
[Date "2014.04.30"]
[Round "4"]
[White "Manet, Anthony"]
[Black "Huesmann, Thomas"]
[Result "1/2-1/2"]
[WhiteElo "1891"]
[BlackElo "2217"]
[PlyCount "99"]
[EventDate "2014.??.??"]

1. e4 e5 2. Nf3 Nc6 3. d4 exd4 4. Nxd4 Nf6 5. Nxc6 bxc6 6. Bd3 d5 7. exd5 cxd5
8. O-O Be7 9. Nc3 O-O 10. Bg5 Be6 11. Ne2 h6 12. Bd2 Rb8 13. Rb1 c5 14. Ng3 Qc8
15. Re1 Bd6 16. c3 Qc7 17. Qc2 Bf4 18. Bf5 Rfe8 19. Bxf4 Qxf4 20. Bxe6 fxe6 21.
Re2 Kf7 22. Rbe1 Rb6 23. b3 a5 24. c4 dxc4 25. Ne4 cxb3 26. Qxc5 Qb8 27. axb3
Nxe4 28. Rxe4 Rb5 29. Qc3 Rf5 30. Re5 Rxe5 31. Rxe5 Rc8 32. Qf3+ Kg8 33. Re1
Qb6 34. g3 Rb8 35. Ra1 Rf8 36. Qe2 Rf5 37. Qd2 Rb5 38. Ra4 Rd5 39. Qc3 Rd1+ 40.
Kg2 Rd5 41. Qc8+ Rd8 42. Qc3 Rf8 43. Qe3 Qxe3 44. fxe3 Rb8 45. Rxa5 Rxb3 46.
Kf3 Kf7 47. h3 Kf6 48. Ra4 g5 49. g4 Rb7 50. Ra8 1/2-1/2

[Event "5eme LUCOPEN"]
[Site "Lille"]
[Date "2014.04.30"]
[Round "4"]
[White "Roger, Mehdi"]
[Black "Van Hoorebeke, Jimmy"]
[Result "1-0"]
[WhiteElo "2202"]
[BlackElo "1821"]
[PlyCount "87"]
[EventDate "2014.??.??"]

1. e4 c6 2. d4 d5 3. e5 c5 4. dxc5 Nc6 5. Bb5 e6 6. Be3 Bd7 7. Bxc6 Bxc6 8. Bd4
Qg5 9. g3 Ne7 10. f4 Qg6 11. Nf3 Nf5 12. c3 Be7 13. Qe2 a6 14. a4 Nxd4 15. cxd4
Bxa4 16. Nc3 Bc6 17. b4 O-O 18. O-O Rfc8 19. Ra2 b5 20. Rfa1 Bb7 21. Qc2 Qxc2
22. Rxc2 Kf8 23. Rca2 h6 24. h4 g6 25. Kf2 Ke8 26. Rh1 Kf8 27. Ke3 Kg7 28. Nd2
Bd8 29. Nb3 Bc7 30. Na5 Bxa5 31. Rxa5 Rc6 32. Rha1 Rcc8 33. Rh1 Rc6 34. Ne2
Rcc8 35. g4 Rh8 36. h5 Bc6 37. Ng3 Bd7 38. Rha1 Bc8 39. Rxb5 Bd7 40. Rb7 Bb5
41. hxg6 Kxg6 42. f5+ exf5 43. gxf5+ Kg7 44. Nh5+ 1-0

[Event "5eme LUCOPEN"]
[Site "Lille"]
[Date "2014.04.30"]
[Round "4"]
[White "Scherrer, Gilles"]
[Black "Veys, Vincent"]
[Result "0-1"]
[WhiteElo "1855"]
[BlackElo "2201"]
[PlyCount "54"]
[EventDate "2014.??.??"]

1. e4 e5 2. Bc4 Nf6 3. d3 Nc6 4. Nc3 Na5 5. Nf3 Nxc4 6. dxc4 Bb4 7. Qd3 d6 8.
Bd2 Bxc3 9. Bxc3 O-O 10. Nd2 Nh5 11. g3 f5 12. exf5 Bxf5 13. Qd5+ Kh8 14. O-O-O
c6 15. Qg2 Qg5 16. Kb1 Qg6 17. Rc1 Nf4 18. Qf1 Ne6 19. Qe2 Nc5 20. Qe3 b5 21.
cxb5 cxb5 22. Rhg1 Na4 23. g4 Be6 24. Bb4 Bg8 25. Ne4 Rf4 26. Nxd6 Rxb4 27. Nf5
Rxb2+ 0-1

[Event "5eme LUCOPEN"]
[Site "Lille"]
[Date "2014.04.30"]
[Round "4"]
[White "Farrington, Edward J"]
[Black "Laine, Panu"]
[Result "1/2-1/2"]
[WhiteElo "1869"]
[BlackElo "2177"]
[PlyCount "77"]
[EventDate "2014.??.??"]

1. Nc3 d5 2. e4 e6 3. g3 dxe4 4. Nxe4 Bd7 5. Nf3 Bc6 6. Qe2 Nf6 7. Nxf6+ Qxf6
8. Bg2 Nd7 9. O-O Bd6 10. d4 h6 11. Re1 Rd8 12. Be3 O-O 13. c4 Rfe8 14. Red1 b6
15. Rac1 e5 16. d5 Bb7 17. Nd2 Qg6 18. Ne4 f5 19. Nxd6 cxd6 20. Qc2 Qf7 21. f4
exf4 22. Bxf4 Ne5 23. Bxe5 Rxe5 24. Rf1 Rde8 25. a4 Bc8 26. Qc3 Qe7 27. a5 Re2
28. axb6 axb6 29. b4 Ra2 30. Rfe1 Qf8 31. Rxe8 Qxe8 32. Re1 Re2 33. Rxe2 Qxe2
34. c5 bxc5 35. bxc5 dxc5 36. Qxc5 Qe1+ 37. Bf1 Ba6 38. Qf2 Qd1 39. Qxf5
1/2-1/2

[Event "5eme LUCOPEN"]
[Site "Lille"]
[Date "2014.04.30"]
[Round "4"]
[White "Deketelaere, Francky"]
[Black "Johnsen, Gunnar"]
[Result "0-1"]
[WhiteElo "1814"]
[BlackElo "2130"]
[PlyCount "56"]
[EventDate "2014.??.??"]

1. d4 e6 2. Nf3 f5 3. g3 Nf6 4. c4 c6 5. Nc3 d5 6. c5 Be7 7. Bf4 O-O 8. Ne5
Nbd7 9. Nxd7 Bxd7 10. Bg2 Be8 11. O-O Bh5 12. Qc2 Nd7 13. b4 g5 14. Bd2 Bf6 15.
Be3 f4 16. gxf4 gxf4 17. Bxf4 Bxd4 18. Bg3 Qf6 19. Rac1 Bxc3 20. Qxc3 Bxe2 21.
Rfe1 Qxc3 22. Rxc3 Bg4 23. f4 a5 24. a3 axb4 25. axb4 Bf5 26. Re2 Ra1+ 27. Re1
Rfa8 28. Rcc1 R1a4 0-1

[Event "5eme LUCOPEN"]
[Site "Lille"]
[Date "2014.04.30"]
[Round "4"]
[White "Pourrahnama, Amir"]
[Black "Rouze, Xavier"]
[Result "0-1"]
[WhiteElo "1848"]
[BlackElo "2084"]
[PlyCount "70"]
[EventDate "2014.??.??"]

1. d4 d5 2. Nf3 Nf6 3. e3 c6 4. Nbd2 Bg4 5. c3 Nbd7 6. Be2 Qc7 7. O-O e5 8.
dxe5 Nxe5 9. Nxe5 Bxe2 10. Qxe2 Qxe5 11. Nf3 Qh5 12. g3 Bd6 13. Kg2 O-O-O 14.
a4 g5 15. a5 Ng4 16. Qd1 f5 17. Rh1 Qg6 18. h3 Nf6 19. a6 b6 20. Nd4 Kd7 21. b4
f4 22. b5 c5 23. Nc6 Rdf8 24. Ra4 fxg3 25. f4 gxf4 26. exf4 Re8 27. Rf1 Re4 28.
Rxe4 Qxe4+ 29. Rf3 Re8 30. Nxa7 Nh5 31. Nc6 Bxf4 32. a7 Bxc1 33. Nb8+ Kd6 34.
a8=Q Nf4+ 35. Kxg3 Qg6+ 0-1

[Event "5eme LUCOPEN"]
[Site "Lille"]
[Date "2014.04.30"]
[Round "4"]
[White "Ponnet, Jean"]
[Black "Faure, Stephane"]
[Result "0-1"]
[WhiteElo "1744"]
[BlackElo "2081"]
[PlyCount "78"]
[EventDate "2014.??.??"]

1. e4 c5 2. Nf3 d6 3. d4 cxd4 4. Nxd4 Nf6 5. Nc3 Nc6 6. Bc4 Qb6 7. Nb3 Bg4 8.
Be2 Bxe2 9. Qxe2 g6 10. Be3 Qc7 11. O-O-O Bg7 12. f3 Ne5 13. Kb1 O-O 14. Bg5
Qc4 15. Qd2 Rfe8 16. Bh6 Bh8 17. Rhe1 a5 18. Nd5 a4 19. Nc1 Nxd5 20. Qxd5 Qb4
21. a3 Qb6 22. Be3 Qc7 23. Bd4 Ra5 24. Qa2 Rc8 25. Re2 Rb5 26. Nd3 Nxd3 27.
Rxd3 Rb3 28. c3 Bxd4 29. Rxd4 Qxc3 30. Rd1 b5 31. Ka1 Qc5 32. Qb1 b4 33. axb4
Qxb4 34. Rc1 Ra8 35. Rec2 a3 36. Rc8+ Rxc8 37. Rxc8+ Kg7 38. Rc2 axb2+ 39. Rxb2
Qa5+ 0-1

[Event "5eme LUCOPEN"]
[Site "Lille"]
[Date "2014.04.30"]
[Round "4"]
[White "Grove, Michael"]
[Black "Nouar, Abderahmane"]
[Result "1-0"]
[WhiteElo "2071"]
[BlackElo "1613"]
[PlyCount "67"]
[EventDate "2014.??.??"]

1. e4 e5 2. Nf3 Nc6 3. d4 exd4 4. Nxd4 Qh4 5. Nb5 Bc5 6. Qf3 Bb6 7. Be3 Bxe3 8.
Qxe3 Qd8 9. Qg3 Kf8 10. N1c3 a6 11. Nxc7 Ra7 12. N7d5 b5 13. Be2 Nf6 14. Qd6+
Kg8 15. O-O h6 16. a4 Ne8 17. Qc5 Bb7 18. axb5 d6 19. Qe3 Qa8 20. bxc6 Bxc6 21.
b4 Nc7 22. Ra5 Qb7 23. Bd3 Kh7 24. b5 Bxd5 25. exd5+ g6 26. b6 Re8 27. Ne4 Nxd5
28. Rxd5 Qxd5 29. Nf6+ Kg7 30. Qxe8 Ra8 31. Nxd5 Rxe8 32. Rb1 a5 33. b7 Rb8 34.
Ne7 1-0

[Event "5eme LUCOPEN"]
[Site "Lille"]
[Date "2014.04.30"]
[Round "4"]
[White "Corfield, Zoe"]
[Black "Noordhoek, Henk"]
[Result "0-1"]
[WhiteElo "1651"]
[BlackElo "2048"]
[PlyCount "62"]
[EventDate "2014.??.??"]

1. e4 Nf6 2. e5 Nd5 3. c4 Nb6 4. d4 d6 5. exd6 exd6 6. Nc3 Nc6 7. Be3 Be7 8. h3
O-O 9. Nf3 Re8 10. Be2 Bf6 11. O-O Bf5 12. Rc1 d5 13. b3 Qd7 14. c5 Nc8 15. Nh2
h6 16. Ng4 Bxg4 17. Bxg4 Qd8 18. Qd2 N8e7 19. Ne2 Ng6 20. Nf4 Nxf4 21. Bxf4
Nxd4 22. Rce1 Ne6 23. Bf5 Nxf4 24. Rxe8+ Qxe8 25. Re1 Ne6 26. Qxd5 c6 27. Qe4
Rd8 28. Qb4 Qd7 29. Qg4 Qd2 30. Re2 Qc1+ 31. Kh2 Qf4+ 0-1

[Event "5eme LUCOPEN"]
[Site "Lille"]
[Date "2014.04.30"]
[Round "4"]
[White "Bauche, Timothe"]
[Black "Rommelaere, Stephane"]
[Result "1-0"]
[WhiteElo "2045"]
[BlackElo "1487"]
[PlyCount "67"]
[EventDate "2014.??.??"]

1. d4 d5 2. c4 e6 3. Nc3 Bb4 4. e3 Nf6 5. Nf3 Ne4 6. Bd2 Nxd2 7. Qxd2 Nc6 8.
Bd3 O-O 9. O-O Re8 10. Rfd1 Bd7 11. a3 Bxc3 12. Qxc3 f5 13. b4 Qf6 14. cxd5
exd5 15. b5 Ne7 16. Qxc7 Bc8 17. Ne5 b6 18. Rac1 Be6 19. Qd6 Red8 20. Qb4 Rac8
21. Nc6 Nxc6 22. Rxc6 a5 23. Qb3 Rb8 24. Rdc1 Rb7 25. a4 f4 26. exf4 Qxf4 27.
Qc2 Re8 28. Bxh7+ Kh8 29. Bg6 Bf7 30. Qf5 Qxf5 31. Bxf5 Rbe7 32. g3 Be6 33. Bg6
Rb8 34. Re1 1-0

[Event "5eme LUCOPEN"]
[Site "Lille"]
[Date "2014.05.01"]
[Round "5"]
[White "Veys, Vincent"]
[Black "Zhigalko, Andrey"]
[Result "0-1"]
[WhiteElo "2201"]
[BlackElo "2600"]
[PlyCount "50"]
[EventDate "2014.??.??"]

1. e4 c5 2. Nf3 d6 3. d4 cxd4 4. Nxd4 Nf6 5. Nc3 e6 6. Be2 e5 7. Nb3 Be7 8. O-O
O-O 9. Kh1 Qc7 10. a4 Be6 11. Be3 Nbd7 12. f4 Rac8 13. Rc1 Rfd8 14. f5 Bc4 15.
g4 d5 16. Bxc4 Qxc4 17. Nd2 Qc6 18. g5 d4 19. gxf6 Nxf6 20. Nd5 Nxd5 21. exd5
Qxd5+ 22. Qf3 dxe3 23. Ne4 Rc4 24. f6 Bxf6 25. Nxf6+ gxf6 0-1

[Event "5eme LUCOPEN"]
[Site "Lille"]
[Date "2014.05.01"]
[Round "5"]
[White "Vuilleumier, Alexandre"]
[Black "Manet, Anthony"]
[Result "1-0"]
[WhiteElo "2335"]
[BlackElo "1891"]
[PlyCount "58"]
[EventDate "2014.??.??"]

1. e4 d5 2. exd5 Qxd5 3. Nc3 Qd8 4. d4 c6 5. Bc4 Nf6 6. Nf3 Bf5 7. O-O e6 8.
Re1 Be7 9. Nh4 Bg6 10. Nxg6 hxg6 11. h3 Nbd7 12. Bf4 Nb6 13. Bf1 Nbd5 14. Nxd5
Nxd5 15. Bg3 Bd6 16. Bxd6 Qxd6 17. Qf3 Qf4 18. Qxf4 Nxf4 19. Re5 O-O-O 20. c3
Rh5 21. Rxh5 gxh5 22. h4 Nd5 23. Be2 g6 24. Bf3 Nf6 25. Re1 Kd7 26. Kh2 Ke7 27.
Kg3 Nd7 28. Kf4 f6 29. Be2 Kf7 1-0

[Event "5eme LUCOPEN"]
[Site "Lille"]
[Date "2014.05.01"]
[Round "5"]
[White "Sabe, Aurelien"]
[Black "Frederic, Clement"]
[Result "0-1"]
[WhiteElo "1874"]
[BlackElo "2237"]
[PlyCount "74"]
[EventDate "2014.??.??"]

1. d4 f5 2. c4 Nf6 3. Nc3 d6 4. Nf3 g6 5. Bf4 Bg7 6. Qd2 h6 7. h4 c6 8. O-O-O
Be6 9. d5 Bf7 10. Ne1 b5 11. dxc6 bxc4 12. f3 Nxc6 13. e4 Qa5 14. Nc2 Rb8 15.
exf5 gxf5 16. Bxd6 Rd8 17. Qe3 O-O 18. Ba3 Rxd1+ 19. Kxd1 Rd8+ 20. Kc1 $11 Nd5
21. Nxd5 Qxd5 22. Be2 e5 23. Rd1 Nd4 24. Qf2 h5 25. Be7 Rb8 26. Ne3 Qa5 27. Ba3
Bh6 28. Bd6 Rd8 29. Ba3 c3 30. Kb1 Bxe3 31. Qxe3 c2+ 32. Kc1 cxd1=Q+ 33. Bxd1
f4 34. Qe4 Qc7+ 35. Kb1 Qc6 36. Qxe5 Bg6+ 37. Ka1 Qc1# 0-1

[Event "5eme LUCOPEN"]
[Site "Lille"]
[Date "2014.05.01"]
[Round "5"]
[White "Soubirou, Oriane"]
[Black "Vandecasteele, Louis"]
[Result "1-0"]
[WhiteElo "2060"]
[BlackElo "1852"]
[PlyCount "65"]
[EventDate "2014.??.??"]

1. e4 e6 2. d4 d5 3. e5 c5 4. c3 Nc6 5. Nf3 Qb6 6. a3 cxd4 7. cxd4 Nh6 8. b4
Be7 9. Nc3 O-O 10. Bd3 f6 11. Bxh6 gxh6 12. O-O fxe5 13. dxe5 Rf7 14. Na4 Qd8
15. Rc1 Bf8 16. Re1 a6 17. Qe2 Ne7 18. Nd4 Bg7 19. Nc5 Nc6 20. Ndxe6 Qe7 21.
Nxg7 Rxg7 22. Qe3 h5 23. Qf3 Be6 24. Qf6 Re8 25. Nxe6 Qxe6 26. Qxe6+ Rxe6 27.
f4 h4 28. Kf2 Rf7 29. g3 Rxe5 30. Red1 hxg3+ 31. hxg3 Re6 32. Bb1 Rd7 33. Bf5
1-0

[Event "5eme LUCOPEN"]
[Site "Lille"]
[Date "2014.05.01"]
[Round "5"]
[White "Verges, Brice"]
[Black "Caloone, Thomas"]
[Result "0-1"]
[WhiteElo "1838"]
[BlackElo "1973"]
[PlyCount "78"]
[EventDate "2014.??.??"]

1. e4 e5 2. Nf3 Nc6 3. Bb5 Nge7 4. O-O g6 5. d3 Bg7 6. c3 a6 7. Ba4 O-O 8. Bg5
d6 9. Bb3 Kh8 10. Na3 b5 11. Nc2 Na5 12. d4 Nxb3 13. axb3 exd4 14. Nfxd4 Bb7
15. Qd3 c5 16. Ne2 f6 17. Bf4 d5 18. exd5 Nxd5 19. Qh3 Re8 20. Be3 Qc7 21. Rad1
f5 22. Rfe1 Re6 23. Bh6 Rae8 24. Bxg7+ Kxg7 25. Kf1 Rxe2 26. Rxe2 Rxe2 27. c4
Rxc2 28. cxd5 Qf4 29. Qg3 Qxg3 30. hxg3 Kf7 31. d6 Ke8 32. Re1+ Kd8 33. Re7 Be4
34. Rxh7 Rxb2 35. Rc7 Rxb3 36. Rxc5 Kd7 37. Rc7+ Kxd6 38. Rg7 a5 39. Rxg6+ Ke5
0-1

[Event "5eme LUCOPEN"]
[Site "Lille"]
[Date "2014.05.01"]
[Round "5"]
[White "Declercq, Jean"]
[Black "Kathstede, Gerd"]
[Result "1/2-1/2"]
[WhiteElo "1770"]
[BlackElo "2120"]
[PlyCount "83"]
[EventDate "2014.??.??"]

1. c4 c5 2. Nc3 Nf6 3. Nf3 Nc6 4. d4 cxd4 5. Nxd4 g6 6. g3 Bg7 7. Bg2 Nxd4 8.
Qxd4 O-O 9. O-O d6 10. Bg5 Qa5 11. Qd2 Re8 12. Rab1 Rb8 13. Rfc1 Bd7 14. b4 Qd8
15. Be3 b6 16. Nb5 a6 17. Nd4 Ng4 18. Nc6 Bxc6 19. Bxc6 Rf8 20. Bd4 Bxd4 21.
Qxd4 Ne5 22. Be4 Nd7 23. h4 Nf6 24. Bf3 Qd7 25. Kh2 h5 26. e4 Rfc8 27. e5 dxe5
28. Qxe5 Qc7 29. Qxc7 Rxc7 30. Rc2 Rbc8 31. Rbc1 Nd7 32. Be2 a5 33. a3 e6 34.
f4 Kf8 35. Rd2 Ke7 36. Rcd1 axb4 37. axb4 Ra8 38. Rb2 Ra3 39. Rd3 Ra1 40. Rbd2
Rb1 41. b5 Nc5 42. Ra3 1/2-1/2

[Event "5eme LUCOPEN"]
[Site "Lille"]
[Date "2014.05.01"]
[Round "5"]
[White "Gros, Patrick"]
[Black "Creton, Sylvain"]
[Result "1/2-1/2"]
[WhiteElo "2004"]
[BlackElo "1750"]
[PlyCount "85"]
[EventDate "2014.??.??"]

1. d4 d5 2. Nf3 Nf6 3. Bf4 e6 4. e3 c5 5. Bd3 c4 6. Be2 Bb4+ 7. c3 Be7 8. O-O
Nc6 9. Ne5 Nxe5 10. dxe5 Ne4 11. Nd2 Nc5 12. b4 Nd7 13. e4 Nb6 14. Qc2 Bd7 15.
exd5 Nxd5 16. Bg3 b5 17. Ne4 O-O 18. Rfd1 Bc6 19. a4 a6 20. Rd4 Qb6 21. a5 Qb7
22. Bf3 Rad8 23. Rad1 Rd7 24. Qd2 Rfd8 25. Nf6+ gxf6 26. Qh6 f5 27. Bh5 Bf8 28.
Qg5+ Bg7 29. Bh4 h6 30. Qg3 Kh7 31. Bxf7 Rxf7 32. Bxd8 Nxc3 33. Qxc3 Bxe5 34.
Qe3 Bxd4 35. Rxd4 Rd7 36. Bf6 Rxd4 37. Bxd4 Bxg2 38. Qxe6 Bh3 39. f3 Qc7 40.
Qf6 f4 41. Qh8+ Kg6 42. Qf6+ Kh7 43. Qh8+ 1/2-1/2

[Event "5eme LUCOPEN"]
[Site "Lille"]
[Date "2014.05.01"]
[Round "5"]
[White "Lucas, Jean"]
[Black "Haussernot, Cecile"]
[Result "0-1"]
[WhiteElo "1748"]
[BlackElo "2003"]
[PlyCount "64"]
[EventDate "2014.??.??"]

1. e4 c5 2. d4 cxd4 3. c3 dxc3 4. Nxc3 Nc6 5. Nf3 d6 6. Bc4 a6 7. O-O Nf6 8.
Bf4 Bg4 9. h3 Bxf3 10. Qxf3 e6 11. Rfd1 Qc7 12. Rac1 Rd8 13. Be2 Qb8 14. Qg3
Be7 15. Rd2 O-O 16. Rcd1 Ne5 17. Be3 Ng6 18. Bb6 Rc8 19. f4 Rxc3 20. Qxc3 Nxe4
21. Qc7 Nxd2 22. Rxd2 Bd8 23. Qxd6 Bxb6+ 24. Qxb6 Nxf4 25. Bf3 Nxh3+ 26. Kh1
Ng5 27. Bxb7 Qg3 28. Rd8 Qh4+ 29. Kg1 Nh3+ 30. gxh3 Rxd8 31. Bxa6 Qg3+ 32. Kf1
Qf3+ 0-1

[Event "5eme LUCOPEN"]
[Site "Lille"]
[Date "2014.05.01"]
[Round "5"]
[White "Stas, Arnould"]
[Black "Ponnet, Jean"]
[Result "1-0"]
[WhiteElo "1995"]
[BlackElo "1744"]
[PlyCount "63"]
[EventDate "2014.??.??"]

1. e4 c5 2. Nf3 d6 3. d4 cxd4 4. Nxd4 Nf6 5. Nc3 e6 6. g4 h6 7. h4 Nc6 8. Rg1
Bd7 9. g5 hxg5 10. hxg5 Nxd4 11. Qxd4 Ng8 12. Be3 a6 13. O-O-O Qc7 14. f4 b5
15. Bg2 Rc8 16. Qd2 b4 17. Ne2 Ne7 18. Nd4 a5 19. Rh1 Rxh1 20. Rxh1 Nc6 21. Nb5
Qb8 22. Bf1 Nd8 23. Ba7 Qb7 24. Nxd6+ Bxd6 25. Qxd6 Rxc2+ 26. Kb1 Rh2 27. Rxh2
Qxe4+ 28. Rc2 Nc6 29. Bc5 Kd8 30. Bd3 Qh1+ 31. Rc1 Qh8 32. Bb6+ 1-0